Chansons d'ATEEZ - Mort subite - Statistiques

Statistiques générales
  • Ce quiz a été pris 629 fois
  • Le résultat moyen est 17 sur 23
Answers on the Grid
Answers color-coded by a green-red scale on the quiz's grid according to % correct below.
WORK
THANXX
Dope
Cream Soda
Deja Vu
Say My Name
INCEPTION
UGH!
The Leaders
UTOPIA
WIN
MIST
WAVE
Sector 1
Cyberpunk
CASE 143
Pirate King
ARRIBA
Life Is Still Going On
HALAZIA
Devil by the Window
2 Baddies
TO THE BEAT
Perfect Man
BOUNCY (K-HOT CHILLI PEPPERS)
Ay-Yo
The Black Cat Nero
DEEP DIVE
Dune
In Bloom
IT's You
Do It Like That
ITEM
Guerrilla
Selfish Waltz
 
Statistiques - réponses
Réponse % Correct
WORK
95%
HALAZIA
90%
BOUNCY (K-HOT CHILLI PEPPERS)
89%
Say My Name
89%
Deja Vu
88%
Guerrilla
88%
Pirate King
86%
THANXX
85%
INCEPTION
84%
UTOPIA
84%
WAVE
84%
Cyberpunk
76%
ARRIBA
73%
WIN
67%
The Black Cat Nero
65%
MIST
63%
The Leaders
62%
Dune
60%
IT's You
60%
TO THE BEAT
59%
DEEP DIVE
56%
Selfish Waltz
56%
Sector 1
52%
Aucun quiz correspondant
Distribution des résultats
% des personnes avec chaque résultat
Percentile par nombre de réponses
Votre historique - résultats
Vous n’avez pas pris ce quiz